Armenia-Azerbaijan Border Crisis and Trans-Regional Infrastructure Initiatives in the South Caucasus

Nadregionálne infraštruktúrne projekty, hraničná kríza a iniciatívy na južnom Kaukaze v kontexte súčasnej hraničnej krízy. Prebiehajúce a plánované projekty zdieľanej lokálnej infraštruktúry na arménsko-azerbajdžanskej hranici.

Gespeichert in:
Bibliographische Detailangaben
1. Verfasser: Augustín, Michael, 1991-
Format: Buchkapitel
Sprache:Englisch
Schlagworte:
Tags: Tag hinzufügen
Keine Tags, Fügen Sie das erste Tag hinzu!

MARC

LEADER 00000naa$a2200000$$$4500
001 0295212
005 20240502083949.3
041 0 |a eng 
044 |a UA 
245 1 0 |a Armenia-Azerbaijan Border Crisis and Trans-Regional Infrastructure Initiatives in the South Caucasus  |c Michael Augustín 
520 |a Nadregionálne infraštruktúrne projekty, hraničná kríza a iniciatívy na južnom Kaukaze v kontexte súčasnej hraničnej krízy. Prebiehajúce a plánované projekty zdieľanej lokálnej infraštruktúry na arménsko-azerbajdžanskej hranici. 
610 2 0 |a pohraničie 
610 2 0 |a kríza 
610 2 0 |a infraštruktúra 
610 2 0 |a Azerbajdžan 
610 2 0 |a Arménsko 
100 1 |a Augustín, Michael, 1991-